| 000 | 00393nam a22001337a 4500 | ||
|---|---|---|---|
| 082 |
_a620.112 _bAKH _cL-21,P-55 |
||
| 100 |
_aAkhatar, M.S _940836 |
||
| 245 | _aSolution of problems in strength of materials / | ||
| 260 |
_aLahore: _bNational Book Stall, _cc |
||
| 526 |
_a0 _b0 _c0 _d620_112000000000000_AKH |
||
| 526 |
_a0 _b0 _c0 _d620_112000000000000_AKH |
||
| 650 |
_aMCE _9379 |
||
| 942 |
_2ddc _cBK |
||
| 999 |
_c545082 _d545082 |
||